[Event "German Bundesliga 2021-22"]
[Site "Germany"]
[Date "2022.03.05"]
[Round "1.10"]
[White "Vrolijk, Liam"]
[Black "Bluebaum, Matthias"]
[Result "1/2-1/2"]
[WhiteElo "2480"]
[BlackElo "2642"]
[Annotator "TA"]
[PlyCount "65"]
[EventDate "2022.03.05"]
[EventType "team-tourn"]
[EventCountry "GER"]
[SourceTitle "playchess.com"]
[Source "ChessBase"]
[SourceQuality "1"]

{[%evp 9,65,7,15,13,28,22,22,16,29,30,20,19,19,20,14,25,17,3,10,14,16,8,15,10,9,3,8,0,0,0,0,0,14,26,32,31,45,37,31,45,50,0,0,0,0,0,0,0,0,0,0,0,0,0,0,0,0,0]} 1. d4 Nf6 2. c4 e6 3. Nf3 d5 4. g3 Bb4+ 5. Bd2 Bd6 6. Bg2 {E01: Catalan: Early deviations.} c6 7. O-O Nbd7 8. Bc3 Ne4 9. Nbd2 Nxc3 10. bxc3 O-O 11. e4 {[#]} dxe4 $146 ({Predecessor:} 11... b6 12. e5 Be7 13. Ne1 Ba6 14. Nc2 Rc8 15. Ne3 c5 16. cxd5 Bxf1 17. Qxf1 cxd4 18. cxd4 exd5 19. Nxd5 {1-0 (24) Ulybin,M (2483)-Estremera Panos,S (2375) Seville 2017}) 12. Nxe4 Be7 13. Re1 Qc7 14. a4 Rd8 15. Qc2 h6 16. a5 c5 17. Red1 Rb8 $1 18. Qa4 Nf6 19. Ne5 Nxe4 20. Bxe4 cxd4 21. cxd4 Bf6 22. Rab1 Bxe5 23. dxe5 {[#] And now Rxd8+ would win.} Bd7 24. Qb4 {[%cal Oa5a6] Threatens to win with a6!} Bc6 25. Qc5 ({White should play} 25. Rxd8+ $14 Rxd8 26. Qc5) 25... Rxd1+ $11 {The position is equal.} 26. Rxd1 Rc8 27. Bxc6 {[%cal Od1b1]} b6 28. axb6 axb6 29. Qb5 Qxc6 30. Rd8+ Kh7 {[#] White must now prevent ...Qxb5.} 31. Qb1+ g6 32. Rxc8 Qxc8 33. Qxb6 {Weighted Error Value: White=0.04 (flawless) /Black=0.02 (flawless)} 1/2-1/2

[Event "German Bundesliga 2021-22"]
[Site "Germany"]
[Date "2022.03.05"]
[Round "1.11"]
[White "Kamsky, Gata"]
[Black "Zelbel, Patrick"]
[Result "1-0"]
[WhiteElo "2657"]
[BlackElo "2461"]
[Annotator "TA"]
[PlyCount "71"]
[EventDate "2022.03.05"]
[EventType "team-tourn"]
[EventCountry "GER"]
[SourceTitle "playchess.com"]
[Source "ChessBase"]
[SourceQuality "1"]

{[%evp 14,71,18,8,5,0,3,0,5,0,0,25,7,0,6,0,0,0,0,0,28,20,60,0,108,98,110,104,159,152,147,127,180,172,219,206,216,207,243,229,222,229,268,282,279,273,287,268,275,270,287,285,345,318,365,349,432,413,428,414]} 1. Nf3 Nf6 2. c4 g6 3. Nc3 Bg7 4. d4 O-O 5. Bg5 d6 6. e3 c5 7. Be2 {7.d5 injects fresh life into this line.} cxd4 8. Nxd4 Qa5 {E61: King's Indian: Early deviations for White, including Smyslov System.} 9. Bxf6 Bxf6 10. O-O Bg7 {The position is equal.} 11. b4 Qd8 ({Don't take} 11... Qxb4 12. Nd5 Qc5 13. Nxe7+ Kh8 14. Nxc8 Rxc8 15. Rb1 $14) 12. Qb3 Nc6 13. Rad1 {[#]} Bd7 $146 ({Predecessor:} 13... Nxd4 14. exd4 Be6 15. Bf3 Rc8 16. Bd5 Bxd5 17. Nxd5 e6 18. Ne3 a5 19. d5 e5 {½-½ (42) Alvarez Pedraza,A (2453)-Berbatov,K (2250) Ortigueira 2008}) 14. c5 Nxd4 15. exd4 Rc8 16. Rfe1 a5 17. Bf3 (17. Nd5 {keeps more tension.} axb4 18. Qxb4 Rb8 19. Nb6 Be6 20. Bc4) 17... Bc6 18. Bxc6 (18. Bg4 $14) 18... Rxc6 (18... bxc6 $11 19. b5 cxb5) 19. b5 {Black is on the road to losing.} Rc8 20. Nd5 e6 (20... Re8 $142) 21. Nb6 $36 {[%mdl 2048] Black is under strong pressure.} Rc7 {[#]} 22. Qg3 $1 {White is much more active. Black has bad knights.} d5 (22... a4 $16 {is a better defense.}) 23. Qc3 $18 Qh4 (23... Re8 $142 24. Qxa5 h5) 24. g3 Qg4 25. Kg2 a4 26. h3 Qf5 27. Nxa4 Ra8 28. Qb3 h5 29. Nb6 Rd8 30. a4 g5 31. Qe3 g4 32. hxg4 hxg4 33. Qf4 Qxf4 34. gxf4 Re7 35. f3 gxf3+ 36. Kxf3 {Weighted Error Value: White=0.04 (flawless) /Black=0.24 (precise)} 1-0

[Event "German Bundesliga 2021-22"]
[Site "Germany"]
[Date "2022.03.05"]
[Round "1.11"]
[White "Richter, Michael"]
[Black "Martinovic, Sasa"]
[Result "0-1"]
[WhiteElo "2496"]
[BlackElo "2554"]
[Annotator "ChessBase"]
[PlyCount "80"]
[EventDate "2022.03.05"]
[EventType "team-tourn"]
[EventCountry "GER"]
[SourceTitle "playchess.com"]
[Source "ChessBase"]
[SourceQuality "1"]
[TimeControl "40/5400+30:1800+30"]

1. e4 {[%emt 0:00:00]} c5 {[%emt 0:00:00]} 2. Nf3 {[%emt 0:00:00]} d6 {[%emt 0:00:00]} 3. Bb5+ {[%emt 0:00:00]} Nd7 {[%emt 0:00:00]} 4. Ba4 {[%emt 0:00:00]} Ngf6 {[%emt 0:00:00]} 5. c4 {[%emt 0:00:00]} g6 {[%emt 0:00:00]} 6. Nc3 {[%emt 0:00:00]} Bg7 {[%emt 0:00:00]} 7. O-O {[%emt 0:00:00]} O-O {[%emt 0:00:00]} 8. d4 {[%emt 0:01:06]} cxd4 {[%emt 0:00:00]} 9. Nxd4 {[%emt 0:00:09]} Nb6 {[%emt 0:03:38]} 10. Bb3 {[%emt 0:01:11]} Nfd7 {[%emt 0:00:21]} 11. Bg5 {[%emt 0:08:57]} h6 {[%emt 0:08:39]} 12. Bh4 {[%emt 0:01:35]} Ne5 {[%emt 0:12:52]} 13. Rc1 {[%emt 0:09:43]} g5 {[%emt 0:13:44]} 14. Bg3 {[%emt 0:00:07]} Nbxc4 {[%emt 0:00:39]} 15. Nd5 {[%emt 0:21:08]} Nxb2 {[%emt 0:05:09]} 16. Qe2 {[%emt 0:12:36]} Nbd3 {[%emt 0:00:28]} 17. Rcd1 {[%emt 0:06:32]} e6 {[%emt 0:07:20]} 18. f4 {[%emt 0:13:42]} gxf4 {[%emt 0:15:51]} 19. Nxf4 {[%emt 0:00:41]} Nxf4 {[%emt 0:00:35]} 20. Bxf4 {[%emt 0:00:09]} Bd7 {[%emt 0:05:15]} 21. Kh1 {[%emt 0:01:07]} Qe7 {[%emt 0:07:46]} 22. Qh5 {[%emt 0:04:49]} Qf6 {[%emt 0:01:14]} 23. Bg3 {[%emt 0:08:16]} Qg5 {[%emt 0:01:16]} 24. Qe2 {[%emt 0:00:06]} a6 {[%emt 0:03:16]} 25. Nf3 {[%emt 0:01:42]} Qh5 {[%emt 0:04:03]} 26. a4 {[%emt 0:00:41]} Rad8 {[%emt 0:02:33]} 27. Rd2 {[%emt 0:02:59]} Bc6 {[%emt 0:02:06]} 28. Rfd1 {[%emt 0:01:44]} Nxf3 {[%emt 0:00:59]} 29. gxf3 {[%emt 0:00:08]} Be5 {[%emt 0:03:39]} 30. Rg1 {[%emt 0:02:19]} Kh7 {[%emt 0:00:11]} 31. Qd3 {[%emt 0:02:11]} Rg8 {[%emt 0:01:22]} 32. f4 {[%emt 0:01:31]} Qg6 {[%emt 0:01:58]} 33. Bc2 {[%emt 0:00:39]} Bxf4 {[%emt 0:00:26]} 34. Rdg2 {[%emt 0:01:02]} Bxg3 {[%emt 0:00:25]} 35. Rxg3 {[%emt 0:00:16]} Qh5 {[%emt 0:00:38]} 36. R1g2 {[%emt 0:00:46]} Qe5 {[%emt 0:01:03]} 37. Qf3 {[%emt 0:00:34]} f5 {[%emt 0:00:55]} 38. Qh5 {[%emt 0:00:30]} Qa1+ {[%emt 0:00:19]} 39. Rg1 {[%emt 0:00:26]} Qf6 {[%emt 0:00:08]} 40. R1g2 {[%emt 0:00:33]} Rxg3 {[%emt 0:00:31]} 0-1

[Event "German Bundesliga 2021-22"]
[Site "Germany"]
[Date "2022.03.05"]
[Round "1.11"]
[White "Orlov, Andrey"]
[Black "Engel, Luis"]
[Result "1/2-1/2"]
[WhiteElo "2490"]
[BlackElo "2564"]
[Annotator "ChessBase"]
[PlyCount "41"]
[EventDate "2022.03.05"]
[EventType "team-tourn"]
[EventCountry "GER"]
[SourceTitle "playchess.com"]
[Source "ChessBase"]
[SourceQuality "1"]
[TimeControl "40/5400+30:1800+30"]

1. e4 {[%emt 0:00:00]} c5 {[%emt 0:00:00]} 2. Nf3 {[%emt 0:00:00]} d6 {[%emt 0:00:00]} 3. Bb5+ {[%emt 0:00:00]} Nd7 {[%emt 0:00:00]} 4. O-O {[%emt 0:00:00]} a6 {[%emt 0:00:00]} 5. Bd3 {[%emt 0:00:00]} Ngf6 {[%emt 0:00:00]} 6. Re1 {[%emt 0:00:00]} e6 {[%emt 0:00:00]} 7. c3 {[%emt 0:00:00]} b5 {[%emt 0:00:00]} 8. a4 {[%emt 0:00:00]} b4 {[%emt 0:00:00]} 9. Bc2 {[%emt 0:07:31]} Be7 {[%emt 0:00:52]} 10. d4 {[%emt 0:02:27]} bxc3 {[%emt 0:03:34]} 11. bxc3 {[%emt 0:04:21]} cxd4 {[%emt 0:06:28]} 12. cxd4 {[%emt 0:00:46]} Bb7 {[%emt 0:01:00]} 13. Nbd2 {[%emt 0:10:25]} O-O {[%emt 0:07:17]} 14. Ba3 {[%emt 0:08:38]} Rc8 {[%emt 0:15:21]} 15. Bd3 {[%emt 0:06:03]} Rc3 {[%emt 0:09:16]} 16. Qe2 {[%emt 0:08:12]} Qa8 {[%emt 0:01:43]} 17. Bb4 {[%emt 0:08:57]} Rc6 {[%emt 0:07:56]} 18. d5 {[%emt 0:11:17]} exd5 {[%emt 0:03:42]} 19. e5 {[%emt 0:01:17]} Ne4 {[%emt 0:14:58]} 20. Nxe4 {[%emt 0:10:59]} dxe4 {[%emt 0:00:29]} 21. Bxe4 {[%emt 0:00:44]} 1/2-1/2

[Event "German Bundesliga 2021-22"]
[Site "Germany"]
[Date "2022.03.05"]
[Round "1.11"]
[White "Vogel, Roven"]
[Black "L'Ami, Erwin"]
[Result "0-1"]
[WhiteElo "2452"]
[BlackElo "2622"]
[Annotator "TA"]
[PlyCount "80"]
[EventDate "2022.03.05"]
[EventType "team-tourn"]
[EventCountry "GER"]
[SourceTitle "playchess.com"]
[Source "ChessBase"]
[SourceQuality "1"]

{[%evp 9,80,6,29,1,3,0,6,7,14,4,24,6,9,0,2,0,2,7,8,0,6,-19,-7,-13,0,-61,-49,-29,-19,-100,-109,-107,-104,-134,-115,-151,-64,-64,-61,-59,-27,-267,-256,-263,-258,-237,-257,-309,-194,-204,-205,-219,-208,-215,-167,-351,-372,-370,-322,-364,-327,-237,-237,-378,-177,-145,-117,-119,-101,-180,-167,-1824,-1448]} 1. Nf3 d5 2. g3 Bg4 3. Bg2 Nd7 4. O-O e6 5. d3 Bd6 6. Nbd2 {A07: Réti Opening: New York and Capablanca Systems.} Ne7 7. b3 O-O 8. Bb2 {The position is equal.} a5 9. c4 a4 10. d4 {With the idea c5.} c6 11. c5 Bc7 12. b4 {[#]} f5 $146 ({Predecessor:} 12... Qb8 13. h3 Bh5 14. g4 Bg6 15. Nh4 f5 16. e3 e5 17. dxe5 Bxe5 18. Bxe5 Qxe5 {1-0 (39) Zhang,Z (2649)-Gurevich,M (2634) Beijing 2008}) 13. e3 {To avoid f4} g5 (13... h6 {seems wilder.} 14. Qc2 g5 15. Rae1 Qe8 16. h3 Bh5) 14. h3 Bxf3 15. Qxf3 Nf6 {To avoid Qh5} 16. Qe2 Ng6 17. f4 (17. b5 $11) 17... gxf4 18. exf4 Ne4 19. Bxe4 (19. Rf3 $1 $11) 19... fxe4 $17 20. Rf2 Rf7 21. Nf1 Rg7 22. Kh2 Ne7 (22... Qf6 $17 {aiming for ...Kh8.} 23. Rd1 Kh8) 23. Ne3 $15 Qe8 24. Rg1 Qg6 25. Ng4 $2 (25. Rfg2 $11) 25... Nf5 $19 {[%cal Be7f5,Bf5h4,Bh4f3][%mdl 32]} 26. Ne5 Bxe5 ({Much less strong is} 26... Nxg3 27. Qe1 Qh6 28. Rxg3 $18) 27. fxe5 {[#]} Nh4 $1 {[%mdl 512] And now ...Rf8 would win.} 28. Bc1 (28. Rf6 Nf3+) 28... Nf3+ 29. Rxf3 exf3 30. Qxf3 {[#]} Qc2+ $1 31. Qg2 Qd3 {...Rf8 is the strong threat.} 32. Qf2 (32. Qd2 {was called for.} Qc4 33. Qf2) 32... Rf8 {[%cal Ba8f8,Bf8f5,Bf5f4][%mdl 32]} 33. Bf4 h5 34. h4 Rg4 35. Rg2 Kh7 {Strongly threatening ...Qe4.} 36. Qd2 (36. Rg1 $142) 36... Qe4 (36... Qxd2 $142 37. Rxd2 Rfxf4 38. gxf4 Kg6) 37. Rf2 Rf5 {Black is more active.} 38. Rf1 a3 39. Rf2 (39. Qd1 $17 {might work better.}) 39... Qb1 40. Qc3 $2 {[#]} (40. Kg2) 40... Rfxf4 $1 {[%mdl 512] Weighted Error Value: White=0.51/Black=0.18 (very precise)} 0-1

[Event "German Bundesliga 2021-22"]
[Site "Germany"]
[Date "2022.03.05"]
[Round "1.12"]
[White "Warmerdam, Max"]
[Black "Druska, Juraj"]
[Result "0-1"]
[WhiteElo "2607"]
[BlackElo "2505"]
[Annotator "TA"]
[PlyCount "168"]
[EventDate "2022.03.05"]
[EventType "team-tourn"]
[EventCountry "GER"]
[SourceTitle "playchess.com"]
[Source "ChessBase"]
[SourceQuality "1"]

{[%evp 12,168,25,0,26,0,0,0,3,0,0,-199,-186,-190,-175,-232,-234,-227,-235,-237,-254,-249,-249,-241,-230,-347,-320,-387,-371,-389,-370,-343,-368,-360,-354,-360,-352,-458,-458,-451,-441,-445,-441,-426,-265,-251,-226,-226,-108,-115,-115,-108,-110,-162,-162,-162,-162,-161,-71,-91,0,-158,-147,-149,-149,-158,-158,-158,0,-56,0,-158,-158,-158,-158,-158,-155,-158,-158,-158,-158,-158,-144,-144,-144,-144,-144,-144,-77,-144,-144,-200,-197,-197,-197,-196,-183,-183,-133,-133,-83,-83,-83,-83,-77,-83,-83,-83,-78,-78,-77,-102,-76,-76,-76,-116,-125,-214,-214,-464,-464,-464,-214,-464,-163,-192,0,-464,-454,-439,-432,-432,-214,-214,-214,-214,-214,-214,-214,-432,-214,-432,-425,-425,-418,-304,-276,-214,-214,-417,-214,-417,-417,-402,-389,-536,-327,-29989,-29990]} 1. Nf3 d5 2. g3 Nc6 3. d4 Bf5 4. Bg2 e6 5. O-O Nb4 6. Na3 Nc6 7. Nb1 {[%cal Oc2c4]} Nb4 8. c4 Nc2 $1 9. cxd5 {[%cal Of3e5]} Nxa1 {[%mdl 64] Discovered Attack. The position is equal.} 10. e4 Bxe4 11. Nc3 (11. dxe6 $1 $11 {and White stays safe.} fxe6 12. Nc3) 11... Bxd5 $19 12. Nxd5 exd5 13. Ne5 (13. Qe2+ $142 Qe7 14. Qd3) 13... Nf6 14. Qa4+ c6 15. Nxc6 bxc6 16. Qxc6+ Nd7 17. Bg5 {Re1+ would kill now.} Be7 18. Re1 {[#]} (18. Bxe7 $142 Rc8 19. Qb7) 18... f6 $1 {Hoping for ...Rc8.} 19. Bxf6 (19. Bd2 Rc8) 19... gxf6 20. Bxd5 {[#]} Kf8 $1 {[%cal Od7b6]} 21. Qe6 {[%csl Gd5][%cal Re6f7] [#]} Qe8 {To avoid Qf7+} 22. Bxa8 {[%cal Oe6h3]} Nc2 23. Re4 Nb6 (23... Qxa8 $2 {gets mated.} 24. Qxe7+ Kg8 25. Rg4#) (23... Nb4 $2 24. a3 $19) 24. Bd5 Nxd5 25. Qxd5 Nb4 26. Qb7 Nc6 27. b4 Nxb4 28. d5 Qd8 (28... Nxa2 $2 29. d6 Bxd6 30. Rxe8+ Kxe8 31. Qc8+ Kf7 32. Qxh8 $18) 29. Rc4 {[#]} Kf7 $1 30. Rxb4 $17 Qd6 $1 31. Re4 Rd8 {Threatens to win with ...Rd7.} 32. Qxa7 (32. Rh4 $17 {is a better defense.}) 32... Rd7 $1 $19 33. Qe3 Qxd5 34. Rh4 Qd1+ ({Worse is} 34... Qxa2 35. Rxh7+ Ke8 36. Qe4 $11) (34... Rb7 $19 {( -> ...Rb1+)} 35. Qc1 h5) 35. Kg2 $17 Qd5+ ({Black should try} 35... Kg8 $17 36. Qe6+ Kh8) 36. Kh3 $2 (36. Kg1 $1 $11) 36... Qf5+ 37. Kg2 Bc5 38. Qe2 Qd5+ 39. Kh3 {[#]} Qf5+ ({Black should play} 39... Qe6+ $1 $17 40. Qxe6+ Kxe6) 40. Kg2 $1 $15 Qd5+ (40... Bb6 $15 41. Rh5 Qd3 42. Qxd3 Rxd3 43. Rxh7+ Ke6) 41. Kh3 $1 $17 {[#]} Qe6+ $1 42. Qxe6+ Kxe6 {[%mdl 4096] Endgame KRB-KR} 43. Re4+ Kf5 44. Re2 Rd3 45. Kg2 Ra3 46. Kh3 h5 47. Rc2 Bd4 48. Re2 Ra7 {[%cal Oh5h4]} 49. Kh4 Ra4 (49... Kg6 $142 50. Kh3 f5) 50. Kh3 (50. Kxh5 $142 Ra8 51. g4+ Kf4 52. Rd2) 50... Be5 51. Kg2 (51. f4 $17) 51... h4 $19 52. Kh3 Ra8 53. Kg2 Ra7 54. Rc2 hxg3 (54... Ra4 $19 55. Rd2 Kg4 56. f3+ Kf5) 55. hxg3 $17 Ke4 (55... Ra3 $142 56. Re2 Bd4) 56. Re2+ Kd3 57. Re3+ Kd2 58. Kf3 Bd4 59. Re6 Kd3 60. Kg4 Rxa2 61. f4 Rg2 62. Re8 Rg1 63. Rg8 Ke3 {aiming for ...Kf2.} 64. Kf5 (64. Rb8 $17 {might work better.}) 64... Rc1 $19 65. Ra8 $2 (65. Rd8) 65... Rc5+ 66. Kg4 Rc3 (66... Rc7 $142 67. Re8+ Kf2) 67. Ra4 $2 (67. Rd8) 67... Ke4 $2 (67... Rc8 68. Kf5 Rc5+ 69. Ke6 Bb2) 68. Ra8 Ke3 $2 (68... f5+ 69. Kh3 Bf2 70. Ra4+ Kd5 71. Ra5+ Ke6 72. Ra6+ Kf7) 69. Ra4 $1 Rc8 70. Kf5 Rc5+ 71. Kg4 Rb5 (71... Bc3 $142 72. Ra6 Rc8) 72. Ra3+ Kf2 73. Rd3 Bb2 74. Rd2+ Ke3 75. Rc2 $2 (75. Rd7) 75... Rb3 (75... Rb8 $142 76. Rh2 Bd4) 76. Rh2 $2 (76. Rc6) 76... Bd4 77. Rh7 Rb8 78. Re7+ Kf2 79. Rd7 Bc3 {...Rg8+ is the strong threat.} 80. Rc7 $2 (80. Kf5) 80... Bb2 (80... Rg8+ $142 81. Kf5 Rxg3) 81. Rc2+ $2 (81. Rd7) 81... Ke3 82. Rh2 Bd4 {Strongly threatening ...Ke4.} 83. Ra2 Rg8+ 84. Kh3 $2 (84. Kf5 $19 Rxg3 85. Ra3+ Kf2 86. Ra2+ Kf3 87. Ra3+ Kg2 88. Ra2+ Kh3 89. Ra8) 84... Kf3 {Weighted Error Value: White=0.19 (very precise) /Black=0.19 (very precise)} 0-1

[Event "German Bundesliga 2021-22"]
[Site "Germany"]
[Date "2022.03.16"]
[Round "1.12"]
[White "Kempinski, Robert"]
[Black "Berelowitsch, Alexander"]
[Result "0-1"]
[WhiteElo "2570"]
[BlackElo "2504"]
[Annotator "TA"]
[PlyCount "158"]
[EventDate "2022.03.05"]
[EventType "team-tourn"]
[EventCountry "GER"]

{[%evp 9,158,30,27,27,47,37,35,41,54,42,45,35,33,37,45,42,57,45,50,39,65,19,29,23,35,33,51,20,22,21,20,18,20,8,10,0,2,0,0,0,0,1,4,-64,0,0,0,0,-7,-9,0,0,0,0,0,-22,-22,-25,-27,-31,-25,-33,-34,-61,-60,-111,-113,-136,-122,-122,-122,-126,-128,-133,-121,-140,-115,-140,-115,-222,-228,-221,-218,-175,-115,-115,-100,-115,0,-115,-115,-152,-115,-253,-253,-253,-253,-340,-262,-391,-373,-357,-357,-284,-285,-1150,-1000,-4133,-3222,-29947,-29960,-29958,-29962,-29961,-29962,-29961,-29963,-29962,-29963,-29960,-29962,-29947,-29952,-29948,-12796,-29937,-12838,-29984,-29985,-29985,-29986,-29986,-29987,-29987,-29988,-29988,-29989,-29989,-29990,-29990,-29991,-29991,-29992,-29994,-29991,-29991,-29991,-29996,-29997,-29997,-29997]} 1. d4 f5 2. Nf3 Nf6 3. c4 g6 4. e3 Bg7 5. b4 O-O 6. Bb2 {A84: Dutch Defence: 2 c4 Miscellaneous.} c6 7. Be2 d6 8. O-O {White is slightly better.} Nbd7 9. Nbd2 {[#]} a5 $146 ({Predecessor:} 9... Qe8 10. c5 h6 11. Qc2 d5 12. b5 Ne4 13. bxc6 bxc6 14. Qa4 Ndxc5 15. Qc2 Nxd2 16. Nxd2 {0-1 (42) Drygalov,S (2483)-Sadhwani,R (2545) Chess.com INT 2020}) 10. a3 (10. Ng5 {with more complications.} Nb8 11. b5 h6 12. Nh3 Be6 13. a4) 10... Ne4 11. Nxe4 fxe4 12. Nd2 Nf6 13. d5 cxd5 14. cxd5 Bf5 15. Nc4 (15. g4 $14 Bc8 16. g5 Nxd5 17. Bxg7 (17. Nxe4 Bxb2 18. Qxd5+ Kh8 $17) 17... Kxg7 18. Nxe4) 15... axb4 $11 16. axb4 Rxa1 17. Bxa1 h5 18. Qd2 Nd7 19. Bxg7 Kxg7 20. Qd4+ Nf6 21. Ra1 Qc7 22. h3 {g4 is the strong threat.} h4 23. Ra7 g5 24. b5 Kg6 25. b6 Qc8 26. Kh2 (26. Na5 $11 Qc1+ 27. Bd1) 26... Nd7 (26... Rh8 $15) 27. Nd2 Nc5 28. f3 exf3 29. Bxf3 Qd8 30. Qb4 Rf7 31. Nb3 Qh8 {Strongly threatening ...Qe5+.} 32. Qd4 Qxd4 33. Nxd4 Rf8 34. Kg1 Kf6 35. Nxf5 Kxf5 {[%mdl 4096] Endgame KRB-KRN} 36. Kf2 Ke5 37. Ke2 (37. Ra1 $15) 37... Rb8 $1 $17 38. Ra5 Nd7 39. Ra4 Kf6 ({But not} 39... Nxb6 $6 40. Re4+ Kf6 41. Re6+ Kf7 42. Bh5+ Kf8 43. Bf3 $11) 40. Re4 Nc5 {Inhibits Re6+.} ({Reject} 40... Nxb6 $6 41. Re6+ Kf7 42. Bh5+ Kf8 43. Bf3 $11) 41. Rb4 Ra8 42. Kd2 Ra6 43. Be2 Ra2+ 44. Ke1 (44. Kd1 $17) 44... Kf5 $19 45. Kf1 {[#]} Ra4 $1 46. Rb2 Ke5 (46... Ke4 $19 47. Bf3+ Kxe3 48. Re2+ Kd4 49. Rxe7 Ra1+ 50. Ke2 Rb1) 47. Bf3 $17 Na6 48. Rc2 Nc5 49. Rb2 {Inhibits Rb4.} Rc4 50. Rb5 Ne4 {Hoping for ...Rc1+.} 51. Ra5 {[#] This costs White the game.} (51. Rb2 $17) 51... Rb4 $1 $19 52. Ra8 Nf6 {Prevents Re8.} ({Stronger than} 52... Kxd5 53. Ra5+ Kc6 54. Rxg5 $17) (52... Rxb6 53. Re8 Ng3+ 54. Ke1 $17) 53. Rc8 Rxb6 54. Rc7 (54. Rc4 {might work better.}) 54... Nxd5 55. Bxd5 Kxd5 56. Rxe7 {KR-KR} Rb2 {And now ...b5 would win.} 57. Kg1 $2 (57. Rg7) 57... b5 {Threatens to win with ...b4.} 58. Rg7 b4 59. Rxg5+ Kc4 60. Rg4+ Kc3 61. Rxh4 b3 62. Rh8 Re2 63. Rc8+ Kd3 64. Rb8 b2 65. Kh2 Kc2 66. Rc8+ Kd1 (66... Kd2 $142 67. Rb8 Kc1 68. Rc8+ Rc2 69. Rf8 Rc3 70. Rf1+ Kc2 71. Rf2+ Kb3 72. Rf1 Ka2 73. Rf8 b1=Q 74. Ra8+ Kb3 75. Ra5 Qe4 76. Rb5+ Ka4 77. Rb2 Qxe3 78. Ra2+ Kb3 79. Ra1 Qg3+ 80. Kg1 Rc2 81. Rb1+ Kc4 82. Rb4+ Kxb4 83. Kh1 Qxg2#) 67. Rb8 Kc1 68. h4 b1=Q {Black mates.} 69. Rxb1+ Kxb1 {KR-K3P} 70. h5 d5 71. h6 Rxe3 {KR-KPP} 72. g4 d4 73. h7 Re8 74. g5 d3 75. g6 d2 76. g7 d1=Q 77. g8=Q Re2+ 78. Kh3 Qf1+ 79. Kh4 Qf4+ {Weighted Error Value: White=0.60/Black=0.08 (flawless)} 0-1

[Event "German Bundesliga 2021-22"]
[Site "Germany"]
[Date "2022.03.05"]
[Round "1.12"]
[White "Horvath, Dominik"]
[Black "Bruedigam, Martin"]
[Result "1/2-1/2"]
[WhiteElo "2483"]
[BlackElo "2386"]
[Annotator "ChessBase"]
[PlyCount "61"]
[EventDate "2022.03.05"]
[EventType "team-tourn"]
[EventCountry "GER"]
[SourceTitle "playchess.com"]
[Source "ChessBase"]
[SourceQuality "1"]
[TimeControl "40/5400+30:1800+30"]

1. e4 {[%emt 0:00:00]} e5 {[%emt 0:00:00]} 2. Nf3 {[%emt 0:00:00]} Nc6 {[%emt 0:00:00]} 3. Bb5 {[%emt 0:00:00]} Nf6 {[%emt 0:00:00]} 4. O-O {[%emt 0:00:00]} Nxe4 {[%emt 0:00:00]} 5. Re1 {[%emt 0:00:00]} Nd6 {[%emt 0:00:00]} 6. Ba4 {[%emt 0:00:00]} Be7 {[%emt 0:00:00]} 7. Nc3 {[%emt 0:00:35]} O-O {[%emt 0:00:00]} 8. d4 {[%emt 0:00:04]} e4 {[%emt 0:00:37]} 9. Nxe4 {[%emt 0:01:16]} Nxe4 {[%emt 0:00:42]} 10. Rxe4 {[%emt 0:00:05]} d5 {[%emt 0:00:48]} 11. Re1 {[%emt 0:00:09]} Na5 {[%emt 0:09:46]} 12. c3 {[%emt 0:09:21]} Bf5 {[%emt 0:02:52]} 13. Ne5 {[%emt 0:07:13]} c6 {[%emt 0:06:27]} 14. Qf3 {[%emt 0:05:31]} Bg6 {[%emt 0:24:20]} 15. Qg4 {[%emt 0:15:10]} Nc4 {[%emt 0:09:43]} 16. Nxg6 {[%emt 0:00:08]} hxg6 {[%emt 0:01:00]} 17. Bc2 {[%emt 0:01:02]} Re8 {[%emt 0:00:38]} 18. b3 {[%emt 0:21:32]} Nd6 {[%emt 0:01:05]} 19. g3 {[%emt 0:04:44]} Qc8 {[%emt 0:06:40]} 20. Qf3 {[%emt 0:01:22]} Bf8 {[%emt 0:04:10]} 21. Bd2 {[%emt 0:07:59]} Rxe1+ {[%emt 0:06:07]} 22. Rxe1 {[%emt 0:00:06]} Qh3 {[%emt 0:00:10]} 23. Bd3 {[%emt 0:01:55]} Re8 {[%emt 0:01:48]} 24. Rxe8 {[%emt 0:07:44]} Nxe8 {[%emt 0:00:04]} 25. Qg2 {[%emt 0:02:07]} Qg4 {[%emt 0:01:04]} 26. f3 {[%emt 0:00:06]} Qd7 {[%emt 0:01:17]} 27. h4 {[%emt 0:00:37]} Bd6 {[%emt 0:03:22]} 28. Kh2 {[%emt 0:03:03]} Nf6 {[%emt 0:02:03]} 29. Qe2 {[%emt 0:06:23]} Nh5 {[%emt 0:03:03]} 30. f4 {[%emt 0:02:51]} f5 {[%emt 0:02:26]} 31. Kg2 {[%emt 0:00:35]} 1/2-1/2